000 00767nam a22002417a 4500
999 _c131474
_d131474
003 dpl
005 20181110161613.0
008 181110b ||||| |||| 00| 0 eng d
010 _aB-231288, B-231307
020 _c200.00
_a8171548695
035 _aB-231288, B-231307
037 _bCen Lib/Ret
040 _aDPL
_bEN
_c0
082 _aS
_bGAD
100 _aGadgil, Gangadhar
_9102479
245 _aHusbands and pumpkins and other stories /
_cby Gangadhar Gadgil
260 _aMumbai
_bPopular Prakshan
_c2001
270 _a35-C, Pt. Madan Mohan Malaviya Marg Popular Press Bldg., Tardeo
_bMumbai
_e400034
300 _a228p. :
_c21cm(pbk)
_bill.
650 _aEnglish fiction
_9102480
650 _aFantasy fiction, English
_9102481
942 _2ddc
_cEN
_hS
_mGAD